Programa: cálculo

Gespeichert in:
Bibliographische Detailangaben
1. Verfasser: Morales Compagnon, Lucía (autora)
Format: Buch
Sprache:Spanisch
Veröffentlicht: Santiago Universidad Blas Cañas 1991
Schriftenreihe:Manual de Material Complementario, 4. Educación diferencial
Schlagworte:
Tags: Tag hinzufügen
Keine Tags, Fügen Sie den ersten Tag hinzu!

MARC

LEADER 00000nam a2200000 a 4500
001 UCM7801
003 CL-VaPUC
008 030110e19910000CL |||||||||||||||||spa|d
082 0 4 |a 372.7  |b MOR  |2 21 
100 |a Morales Compagnon, Lucía  |e autora  |9 473431 
245 1 0 |a Programa: cálculo 
300 |a 59 p 
942 |c BK 
945 |d 20030110 00:00:00  |a cmena 
260 |a Santiago  |b Universidad Blas Cañas  |c 1991 
650 0 |a Matemáticas  |x Enseñanza  |9 875527 
650 0 |a Educación básica   |9 224933 
650 7 |a EDUCACION DIFERENCIAL  |2 CL-VaPUC  |9 338931 
650 0 |a Métodos de enseñanza  |9 270413 
583 |a last modification  |c 20030110 00:00:00  |k Rodrigo Vera 
490 0 |a Manual de Material Complementario, 4. Educación diferencial 
999 |c 302470  |d 302468 
952 |0 0  |1 0  |4 0  |6 372_700000000000000_MOR_1991  |7 0  |8 P  |9 363070  |a BIBEDU  |b BIBEDU  |c BIBEDU_PB  |d 2019-11-21  |i 3860574  |o 372.7 MOR 1991  |p 3860574  |r 2024-01-25  |w 2019-11-21  |y BK  |k EPE